1023 1242 1847 1498 1037 1703 1019 1837 1043 1656 1790 1765 1222 1753 1914 1989 1607 1845 1084 1349 1268 1597 1994 1761 1316 1337 1690 1323 1070 1724 1444 1921 1942 1505 1107 1147 1906 1663 1178 1936 1841 1602 1375 1442 1000 1429 1877 1496 1114 1845 1856 1598 1738 1660 1685 1411 1869 1055 1938 1689 1663 1382 1468 1359 1881 1805 1197 1496 1664 1851 1751 1874 1273 1864 1427 1148 1671 1631 1409 1721 1194 1024 1928 1325 1677 1940 1437 1047 1743 1921 1464 1260 1599 1273 1880 1297 1518 1465 1843 BCNSPRNW ULIB Ver.6.0+V

เปลี่ยนเป็นภาษาไทย

Change to English
 แสดงรายละเอียดบรรณานุกรม
  กลับหน้าหลัก

Brief Record : Get Marc (ISO 2709) : E-mail record : QR code < ปิดหน้าต่าง
LEADER : 00000nam 2200000uu 4500
001    13399114926
003     ULIB
008    020711s2553 th a 000 0 tha d
060  0 WS125^bป546ก
100    ^aปานจันทร์ จ่างแก้ว
245    การส่งเสริมการเลี้ยงบุตรด้วยนมมารดา /^cปานจันทร์ จ่างแก้ว
260    ^aพิษณุโลก :^bวิทยาลัยพยาบาลบรมราชชนี พุทธชินราช,^c2551
300    ^a81 หน้า
650  7 นมมารดา
650  7 เลี้ยงบุตร
710 1  ^aวิทยาลัยพยาบาลบรมราชชนี พุทธชินราช
945    ^p0^l0^i023484
995    ทศพร
999 ^a ทศพร
รายการนี้ยังไม่มีแท็ก
คุณยังไม่ได้ล็อกอิน คุณสามารถมีกิจกรรมร่วมกับเว็บไซต์ได้ แต่ต้องล็อกอินก่อน ::
  ล็อกอิน

รายการสื่อสารสนเทศ

ลำดับที่ ประเภท เลขเรียก/บาร์โค้ด สถานที่ สถานะ
- ไม่พบข้อมูล -

รายการใกล้เคียง
    หัวเรื่อง [นมมารดา]

BibComment


ยังไม่เคยถูกคอมเมนท์

คอมเมนท์ทรัพยากรรายการนี้
  คอมเมนท์: การส่งเสริมการเลี..


 Copyright 2026. Bcnsprnw @Library